[Event "Montreal-A 5th"]
[Site "Montreal"]
[Date "2004.08.14"]
[Round "10"]
[White "Moiseenko, Alexander"]
[Black "Charbonneau, Pascal"]
[Result "1-0"]
[WhiteElo "2640"]
[BlackElo "2472"]
[Annotator "Huebner,R"]
[PlyCount "73"]
[EventDate "2004.08.04"]
[EventType "tourn"]
[EventRounds "11"]
[EventCountry "CAN"]
[EventCategory "12"]
[SourceTitle "CBM 103"]
[Source "ChessBase"]
[SourceDate "2004.11.11"]
[SourceVersion "1"]
[SourceVersionDate "2004.11.11"]
[SourceQuality "1"]

1. d4 d5 2. c4 c6 3. Nc3 Nf6 4. e3 a6 5. Qc2 g6 6. Bd3 Bg7 7. Nf3 O-O 8. O-O
Bg4 9. Ne5 Be6 10. c5 Nfd7 (10... Nbd7 {ist vielleicht solider:} 11. Nxd7 (11.
f4 Nxe5 12. fxe5 Ng4 $13 (12... Nd7 13. e4) (12... Ne8 13. Bd2 f6 14. exf6 Nxf6
15. Ne2 $14 {1/2-1/2 Krasenkow,M-Savchenko,S/Istanbul 2003/CBM 96 (66). (65)}))
11... Qxd7 12. Na4 Rae8 13. Nb6 Qc7 $11 {1/2-1/2 Hracek,Z-Kasparov,G/Prague
2001/CBM 86/[Hracek] (40). (39)}) 11. Nxd7 Nxd7 12. Bd2 {Die folgende Partie
bietet ein Beispiel für eine andere Art von Aufbau:} (12. b4 f5 13. Rb1 Bf7 14.
f4 Nf6 15. a4 Ne4 16. b5 axb5 17. axb5 Qc7 (17... b6 $11) 18. Na4 Qa5 $2 (18...
Rxa4 $14) 19. Nb6 Ra7 20. Bb2 $18 {1-0 Milov,V-Sokolov,I/Dordrecht 2002/EXT
2004 (48). (47)}) 12... b6 (12... b5 {hat Nachteile:} 13. a4 (13. Ne2 Re8 (
13... f5 {ergibt mit Zugumstellung die folgende Partie.}) 14. a4 Nf6 15. Ra3
Qb8 16. Rfa1 Qb7 17. b4 $16 {1-0 Maric,A-Zhu Chen/Moscow 2001/CBM 85 ext (38).
(37)}) 13... f5 (13... b4 14. Ne2 a5 15. Nf4 Qc8 16. Nxe6 fxe6 17. f4 {führt
zu einer unangenehm passiven Stellung für Schwarz; Weiß kann in aller Ruhe den
Bauernsturm am Königsflügel vorbereiten.}) 14. Ne2 Bf7 15. f4 Nf6 16. Ra3 Qc7
17. Rfa1 Qb7 18. b4 Be6 19. Qa2 Bc8 20. axb5 $16 {1-0 Akesson,R-Aaberg,A/
Sweden 2001/EXT 2003 (36). (35)}) (12... f5 {mag spielbar sein:} 13. f4 Qe8 14.
Kh1 Qf7 15. b4 Nf6 16. a4 Ne4 17. Ne2 Qf6 18. Kg1 Qh4 19. Be1 Qh6 20. Ra2 {
1/2-1/2 Soppe,G-Labollita,M/Mar del Plata 2001/CBM 81 ext (20).}) 13. b4 (13.
cxb6 c5 {gewährt dem Schwarzen schönes Spiel gegen das Zentrum.}) 13... a5 {
Schwarz erreicht eine Reihe von erleichternden Bauerntäuschen am Damenflügel.}
14. a3 axb4 15. axb4 bxc5 16. bxc5 Qc7 {Meines Erachtens sollte die Stellung
verteidgungsfähig für Schwarz sein.} 17. Ra4 Ra7 18. h3 Rfa8 19. Rb1 f6 20.
Rxa7 Rxa7 21. Na2 (21. e4 dxe4 22. Nxe4 (22. Bxe4 {ist nicht besser:} f5 23. d5
Nxc5 24. dxe6 Bxc3) 22... Nf8 {ergibt für Weiß nicht viel.}) 21... Nf8 $2 ({
Nach} 21... Bf7 22. Nb4 e5 {sollte Schwarz ohne große Mühe überleben.}) 22. Nb4
{Jetzt droht der Turm des Weißen auf b8 einzudringen.} Bc8 $6 (22... Ra8 23. e4
Bf7 {bietet vielleicht bessere Rettungsaussichten.}) 23. e4 {Jetzt ist dieser
Vorstoß viel stärker als im 21. Zuge; wenn Schwarz auf e4 schlägt, wird der
Bauer auf c6 anfällig.} e6 24. Qc1 {Es ist deutlich, daß Schwarz die
Koordination seiner Figuren verloren hat.} dxe4 $6 25. Bxe4 f5 26. Bf3 Bd7 27.
Bf4 Qc8 28. Be5 $18 Bxe5 29. dxe5 Rb7 30. Qc3 Qc7 ({Auf} 30... Qb8 {geschieht}
31. Rb2 {mit der Drohung 32.Lc6:.}) 31. Ra1 Rb5 32. Qd4 Qb7 33. Ra4 Qc7 34. Ra6
Qb7 35. Rb6 Rxb6 36. cxb6 Be8 37. Qd8 1-0

[Event "Rotherham m"]
[Site "Rotherham"]
[Date "1997.03.22"]
[Round "5"]
[White "Rowson, Jonathan"]
[Black "Hodgson, Julian M"]
[Result "1/2-1/2"]
[WhiteElo "2445"]
[BlackElo "2560"]
[Annotator "Huebner,R"]
[PlyCount "84"]
[EventDate "1997.03.17"]
[EventType "match"]
[EventRounds "6"]
[EventCountry "ENG"]
[SourceTitle "CBM 058"]
[Source "ChessBase"]
[SourceDate "1997.06.01"]
[SourceVersion "1"]
[SourceVersionDate "1997.06.01"]
[SourceQuality "1"]

1. d4 d5 2. c4 c6 3. Nc3 Nf6 4. e3 a6 5. Bd2 dxc4 6. Bxc4 e6 7. Nf3 c5 {
Der Aufbau des Schwarzen ist nicht vertrauenerweckend; Weiß hat gegenüber der
Normalvariante des Angenommenen Damengambits den Extrazug Lc1-d2 erhalten, der
sich nach der von Weiß gewählten Folge als recht nützlich herausstellt.} 8.
dxc5 Bxc5 9. Qc2 Nbd7 10. Ne4 Nxe4 11. Qxe4 Nf6 12. Qc2 b6 13. Bc3 Bb7 14. O-O
Qc7 (14... Bxf3 $5 {kam in Betracht:} 15. gxf3 O-O $14 {usw.}) 15. Rfd1 Ng4 $6
{Dies ist sehr riskant, denn in der Folge bekommt Schwarz Schwierigkeiten,
weil er den Punkt g7 nicht decken kann und für seinen König keinen sicheren
Platz findet. Besser war} (15... Bxf3 16. gxf3 O-O {Der Vorteil des Weißen ist
nur geringfügig.}) 16. Qa4+ Qc6 (16... Bc6 17. Bb5 axb5 18. Qxg4 f5 19. Qh5+ g6
{gefolgt von Lc6xf3 kam auch in Betracht.}) (16... Ke7 {scheitert an} 17. Bxe6)
17. Bb5 axb5 18. Qxg4 Rg8 19. Rac1 Qe4 20. Qg3 Qg6 21. Qh3 Qh6 22. Qg3 Qg6 23.
Qh3 Qh6 24. Qg4 Qg6 25. Qf4 f6 26. Kf1 Qe4 (26... e5 27. Bxe5 fxe5 28. Qxe5+
Kf8 29. Rxc5 bxc5 (29... Bxf3 {wird mit} 30. Qf5+ {widerlegt.}) 30. Qxc5+ Ke8
31. Qe5+ Kf8 32. Rd7 Qb1+ 33. Ke2 Qe4 (33... Qc2+ 34. Nd2 $18) 34. Rf7+ Kxf7
35. Ng5+ {überlebt Schwarz nicht.}) 27. Qc7 Qc6 (27... Bd5 $5) 28. Qg3 Kf7 (
28... e5 29. b4 {sieht nicht erfreulich für Schwarz aus.}) 29. Qh3 (29. Nd4 $5
{verschafft dem Weißen einigen Vorteil, denn} Qe4 {wird mit} 30. f3 Qxe3 31.
Nc2 $18 {beantwortet.}) 29... b4 $2 (29... Qe4 30. Qh5+ (30. Rd7+ Ke8 31. Rxb7
Qxb7 32. Qxe6+ Kf8 {genügt nicht zum Sieg.}) 30... Ke7 31. b4 Bd6 {mußte
versucht werden.}) 30. Qh5+ Ke7 {Es gibt keine Rettung mehr:} (30... g6 31.
Qxh7+ Rg7 32. Ng5+ $18) (30... Kf8 31. Bxb4 Qb5+ 32. Kg1 Qxb4 33. Rd7 Be7 34.
Nd4 g6 35. Qh6+ Ke8 36. Rxb7 Qxb2 37. Rxe7+ $18) 31. Bxf6+ $18 gxf6 32. Qxh7+
Kf8 33. Rd7 Qxd7 34. Qxd7 Bd5 35. e4 $2 (35. Nd4 {führte zum Sieg:} Re8 (35...
Bxd4 36. Rc7 $18) 36. g3 $18) 35... Rg7 36. Qb5 Bxe4 37. Qc4 $2 (37. Rxc5 {
bot meines Erachtens bessere Chancen:} bxc5 38. Qxc5+ Kg8 39. Qxb4 Bxf3 40.
gxf3 Rxa2 41. h4 $16) 37... Bd5 $44 38. Qh4 Ke7 39. Ne1 Rxa2 40. Nd3 Bxg2+ 41.
Ke2 Bd5 42. Qh8 Rg4 {Diese Partie war für den Kommenta-Tor zu schwierig.}
1/2-1/2

[Event "FIDE-Wch k.o."]
[Site "Las Vegas"]
[Date "1999.08.07"]
[Round "3.2"]
[White "Akopian, Vladimir Eduardovic"]
[Black "Bareev, Evgeny"]
[Result "1/2-1/2"]
[WhiteElo "2646"]
[BlackElo "2698"]
[Annotator "Huebner,R"]
[PlyCount "76"]
[EventDate "1999.07.31"]
[EventType "k.o."]
[EventRounds "7"]
[EventCountry "USA"]
[SourceTitle "CBM 072"]
[Source "ChessBase"]
[SourceDate "1999.10.01"]
[SourceVersion "1"]
[SourceVersionDate "1999.10.01"]
[SourceQuality "1"]

1. d4 d5 2. c4 c6 3. Nc3 Nf6 4. e3 a6 5. Qc2 b5 6. b3 Bg4 7. Nge2 Nbd7 8. h3
Bh5 9. Nf4 Bg6 10. Nxg6 hxg6 11. Be2 e6 12. O-O Bd6 13. e4 b4 14. exd5 bxc3 (
14... exd5 15. Na4 $14 O-O 16. Bf3 Re8 17. Bg5 Qb8 18. Rfe1 Rxe1+ 19. Rxe1 Bh2+
20. Kf1 Bf4 21. Bxf6 Nxf6 22. cxd5 cxd5 23. g3 $14 {1/2-1/2 Bareev,E-Shirov,A/
Pardubice 1994/CBM 42/[Hertneck] (43)}) 15. dxc6 ({Nach} 15. dxe6 fxe6 16.
Qxg6+ Kf8 {läuft Schwarz keine Gefahren, und die Eroberung des Bauern auf c3
ist für Weiß keine bequeme Aufgabe.}) 15... Nb8 16. Bf3 Qc7 17. d5 O-O 18. Be3
(18. b4 exd5 19. cxd5 Bxb4 20. Rb1 Bd6 21. Be3 {1/2-1/2 Alterman,B-Ye
Rongguang/Beijing 1995/EXT 97 (21)}) 18... exd5 19. cxd5 Rd8 ({Sofortiges} 
19... a5 {kommt in Betracht, aber der Unterschied zur Partiefortsetzung ist
natürlich gering.}) 20. Rad1 a5 21. Qxc3 {Der Damenspringer des Schwarzen kann
sonst über a6 ans Tageslicht kommen und eventuell nach c7 überführt werden, um
gegen d5 zu drücken.} Nbd7 22. g3 Nb6 23. Qc2 {Keine der beiden Seiten kann
viel unternehmen. Schwarz hat die Freibauern des Weißen gründlich blockiert,
so daß dieser nicht weiterzukommen vermag; den Schwarzen hindert Raummangel
daran, Aktivität zu entfalten. Die Stellung ist im Gleichgewicht.} Be5 24. Qc5
Nc8 25. Rfe1 Bd6 26. Qc2 Re8 27. Kg2 Ne7 28. Bc5 Nf5 29. Bxd6 Nxd6 30. Qd2 Rab8
31. Rxe8+ Nfxe8 32. Re1 Kf8 33. Qc3 Qa7 34. h4 Nf6 35. Qe5 Qc7 36. Qc3 Qb6 37.
Qe5 Qc7 38. Qc3 Qb6 1/2-1/2

[Event "Sarajevo Bosnia 28th"]
[Site "Sarajevo"]
[Date "1998.05.30"]
[Round "2"]
[White "Nikolic, Predrag"]
[Black "Bareev, Evgeny"]
[Result "0-1"]
[WhiteElo "2635"]
[BlackElo "2675"]
[Annotator "Huebner,R"]
[PlyCount "88"]
[EventDate "1998.05.29"]
[EventType "tourn"]
[EventRounds "9"]
[EventCountry "BIH"]
[EventCategory "15"]
[SourceTitle "CBM 066"]
[Source "ChessBase"]
[SourceDate "1998.09.30"]
[SourceVersion "1"]
[SourceVersionDate "1998.09.30"]
[SourceQuality "1"]

1. d4 d5 2. c4 c6 3. Nc3 Nf6 4. cxd5 cxd5 5. Bf4 Nc6 6. e3 a6 7. Bd3 Bg4 8.
Nge2 e6 9. O-O Bh5 10. Qb3 Ra7 11. Rfc1 Be7 12. Ng3 Bg6 13. Bb5 {Dies ist ein
originelles Opfer; leider dürfte es jedoch dem Weißen eher als dem Schwarzen
Ungelegenheiten bereiten.} axb5 14. Nxb5 Qa5 15. Bc7 Qa4 16. Nxa7 Qxa7 17. Bb6
Qa6 18. Bc5 Nd7 19. Bxe7 Kxe7 20. a4 Qb6 21. Qxb6 Nxb6 22. a5 Nc4 23. a6 Rb8
24. Rc3 ({Auf} 24. b3 {folgt} N4a5 25. b4 Nb3 26. b5 Nca5 {und Schwarz gewinnt.
}) 24... bxa6 25. Rxa6 N6a5 26. Ra7+ Kf6 27. h4 Rxb2 28. h5 Bb1 29. Rc7 g5 30.
hxg6 Bxg6 31. Rc1 Nb3 32. Re1 Nbd2 33. Ne2 Ne4 34. f3 Ned6 35. Nf4 Kg5 36. Nh3+
Kh4 37. Nf2 Nf5 38. e4 Nxd4 39. exd5 exd5 40. Rd7 Nd2 41. Ra1 Kg3 42. Nh1+ Kf4
43. Rxd5 Ne2+ 44. Kf2 Nxf3 0-1

[Event "RUS-Cup6"]
[Site "Krasnodar"]
[Date "1997.03.17"]
[Round "7"]
[White "Yakovich, Yuri"]
[Black "Alavkin, Arseny Nailievich"]
[Result "1-0"]
[WhiteElo "2575"]
[BlackElo "2375"]
[Annotator "Huebner,R"]
[PlyCount "131"]
[EventDate "1997.03.11"]
[EventType "swiss"]
[EventRounds "9"]
[EventCountry "RUS"]
[SourceTitle "EXT 2000"]
[Source "ChessBase"]
[SourceDate "1999.11.16"]
[SourceVersion "1"]
[SourceVersionDate "1999.11.16"]
[SourceQuality "1"]

1. d4 d5 2. c4 c6 3. Nc3 Nf6 4. e3 a6 5. Bd3 b5 6. b3 Bg4 7. Nge2 e6 8. Qc2 Bh5
9. Nf4 Bg6 10. Nxg6 hxg6 11. Bd2 Be7 12. O-O bxc4 13. bxc4 dxc4 14. Bxc4 c5 15.
Qa4+ Kf8 16. Ne2 Ne4 17. Ba5 Qd6 18. h3 g5 19. Rab1 cxd4 20. Rb6 Qa3 21. Qxa3
Bxa3 22. exd4 Nd7 23. Rxa6 Ke7 24. Rb1 Rxa6 25. Bxa6 Ra8 26. Bb7 Rxa5 27. Bxe4
f5 28. Bd3 Bd6 29. Bc4 Ra4 30. Bb3 Ra5 31. Nc3 g6 32. Rd1 Bb4 33. Rd3 Nf6 34.
Re3 Bxc3 35. Rxc3 Kd6 36. Re3 Nd5 37. Rg3 Rb5 38. Bxd5 Rxd5 39. Rxg5 Rxd4 40.
Rxg6 Ra4 41. Rg7 Rxa2 42. g3 e5 43. Rf7 Ke6 44. Rf8 e4 45. Kg2 Ra5 46. g4 fxg4
47. hxg4 Ra3 48. Re8+ Kd5 49. Kf1 Kd4 50. Re7 Rb3 51. g5 Rb6 52. Kg2 Rb5 53.
Kg3 Rxg5+ 54. Kf4 Rh5 $2 {Danach ist Schwarz verloren. Die natürliche
Fortsetzung} (54... Rg8 55. Rd7+ (55. Rxe4+ Kd5 56. Re5+ Kd6 {bietet dem
Schwarzen keinerlei Schwierigkeiten.}) 55... Kc5 56. Kxe4 Re8+ 57. Kf3 Rf8+ {
führt zu einer toten Remisstellung.}) 55. Rxe4+ Kd5 56. Re8 Kd6 57. Kg4 Rh7 58.
f4 Kd7 59. Re4 Rh8 60. Kg5 Rg8+ 61. Kf6 Rg4 62. Re7+ Kd8 63. f5 Rf4 64. Re1 Kd7
65. Kg6 Rg4+ 66. Kf7 1-0

[Event "USA-CHN Summit 2nd"]
[Site "Shanghai"]
[Date "2002.07.12"]
[Round "2"]
[White "Shabalov, Alexander"]
[Black "Zhang, Pengxiang"]
[Result "1-0"]
[WhiteElo "2624"]
[BlackElo "2550"]
[Annotator "Huebner,R"]
[PlyCount "55"]
[EventDate "2002.07.11"]
[EventType "team"]
[EventRounds "4"]
[EventCountry "CHN"]
[SourceTitle "CBM 091"]
[Source "ChessBase"]
[SourceDate "2002.11.12"]
[SourceVersion "1"]
[SourceVersionDate "2002.11.12"]
[SourceQuality "1"]

1. d4 d5 2. c4 c6 3. Nc3 Nf6 4. e3 a6 5. a4 Bf5 6. Qb3 Ra7 7. Nf3 e6 8. Nh4 (8.
Be2 Bd6 9. O-O Nbd7 10. a5 O-O 11. Bd2 Bc7 12. Qa2 Ne4 $11 {1-0 Grivas,
E-Morris,C/Pula 1997/CBM 57 ext (42). (41)}) 8... Be4 9. a5 Nbd7 10. cxd5 Bxd5
(10... cxd5 {sieht plausibler aus:} 11. f3 Bg6 12. g3 (12. Nxg6 hxg6 {mit
gleichem Spiel.}) 12... Be7 13. Be2 {mit üblichen Stellungsbildern. Aber auch
der Textzug ist spielbar.}) 11. Nxd5 cxd5 12. Nf3 Bd6 13. Bd3 O-O 14. O-O Qe7
15. Ra4 Ne4 16. Bxe4 dxe4 17. Nd2 f5 18. Nc4 Nf6 19. g3 Bc7 $2 ({Nach} 19...
Nd5 {sehe ich keine direkten Gefahren für Schwarz.}) 20. Bd2 Qf7 (20... Nd5 21.
Bb4 Nxb4 22. Rxb4 {ist auch äußerst ungemütlich für Schwarz:} Bb8 (22... Rb8
23. Rc1 Qf7 24. Nb6 {verspricht keine Erleichterung.}) 23. Nb6 Bc7 24. Rc1 Bxb6
25. Rxb6 {mit Gewinnstellung für Weiß.}) 21. Bb4 Re8 (21... Rd8 22. Bc5 Raa8
23. Qxb7 Nd5 24. Nb6 {mit hoffnungsloser Lage für Schwarz.}) 22. Bd6 Qd7 23.
Bxc7 Qxc7 24. Nb6 $18 {Der Turm auf a7 wird nun seines Lebens nicht mehr froh.
Die Türme des Weißen dringen auf der c-Linie ein.} Qf7 25. Rc4 Qh5 (25... Nd5
26. Rfc1 Nxb6 27. Qxb6 Raa8 28. Rc7 {ist ebenfalls hoffnungslos für Schwarz.})
26. Rc8 Kf7 27. Rxe8 Nxe8 28. d5 1-0

[Event "VISA Nordic GP Final"]
[Site "Gentofte"]
[Date "1999.08.18"]
[Round "11"]
[White "Hillarp Persson, Tiger"]
[Black "Gretarsson, Helgi Ass"]
[Result "1-0"]
[WhiteElo "2507"]
[BlackElo "2521"]
[Annotator "Huebner,R"]
[PlyCount "69"]
[EventDate "1999.08.05"]
[EventType "tourn"]
[EventRounds "13"]
[EventCountry "DEN"]
[EventCategory "9"]
[SourceTitle "CBM 073"]
[Source "ChessBase"]
[SourceDate "1999.12.01"]
[SourceVersion "1"]
[SourceVersionDate "1999.12.01"]
[SourceQuality "1"]

1. d4 d5 2. c4 c6 3. Nc3 dxc4 4. e3 b5 5. a4 b4 6. Nb1 Ba6 7. Qc2 Nf6 8. Bxc4
Bxc4 9. Qxc4 Qd5 10. Qxd5 cxd5 11. Nd2 e6 12. Nb3 Nc6 13. Bd2 Ne4 14. Rc1 Rc8
15. Ne2 Nd6 16. Nf4 Nc4 17. Nd3 Bd6 18. f3 Ke7 19. e4 a5 20. Ke2 Rhd8 21. Be3
Nb6 {Schwarz beginnt, eine verfehlte Idee zu verwirklichen. Nach} (21... f6 {
braucht er sich über seine Stellung nicht zu beklagen.}) 22. Rc2 Nxa4 23. e5
Bb8 24. Rhc1 Na7 25. Nxa5 Rxc2+ 26. Rxc2 {Schwarz verliert nun seinen b-Bauern
und die Partie.} Kd7 27. Nxb4 Bc7 28. Nb3 Bb6 29. Nd3 Nc6 30. Rc1 Ra8 31. Ra1
Ra6 $2 {Nach} (31... Kc7 {muß Weiß noch beträchtliche Arbeit leisten, um den
Sieg zu erreichen.}) 32. Rxa4 Rxa4 33. Nbc5+ Bxc5 34. Nxc5+ Kc7 35. Nxa4 1-0

[Event "VISA Nordic GP Final"]
[Site "Gentofte"]
[Date "1999.08.12"]
[Round "6"]
[White "Agdestein, Simen"]
[Black "Hillarp Persson, Tiger"]
[Result "1-0"]
[WhiteElo "2580"]
[BlackElo "2507"]
[Annotator "Huebner,R"]
[PlyCount "77"]
[EventDate "1999.08.05"]
[EventType "tourn"]
[EventRounds "13"]
[EventCountry "DEN"]
[EventCategory "9"]
[SourceTitle "CBM 073"]
[Source "ChessBase"]
[SourceDate "1999.12.01"]
[SourceVersion "1"]
[SourceVersionDate "1999.12.01"]
[SourceQuality "1"]

1. d4 Nf6 2. c4 c6 3. Nc3 d5 4. e3 a6 5. Bd3 b5 6. b3 g6 7. Nf3 Bg7 8. O-O O-O
9. Bb2 Bb7 (9... Nbd7 10. Qe2 Rb8 11. Rfd1 Qa5 12. cxd5 cxd5 13. Ne5 Bb7 14.
Nxd7 Nxd7 15. a4 b4 16. Na2 Qb6 17. a5 Qxa5 18. Nc1 Qb6 19. Bxa6 Ra8 20. Bxb7
Rxa1 21. Bxa1 Qxb7 22. Nd3 Rc8 $11 {1/2-1/2 Doroshkievich,V-Lobzhanidze,D/
Cherkessk 1997/EXT 99 (43)}) 10. Rc1 Nbd7 11. Qe2 Re8 12. Rfd1 Qb6 13. a3 e6
14. Rc2 Rad8 15. Na2 bxc4 16. bxc4 c5 17. Rdc1 cxd4 $2 {Dies führt unmittelbar
zum Verlust. Offenbar handelt es sich um ein Versehen, denn es gab für Schwarz
keinen Grund zur Verzweiflung:} (17... dxc4 18. Bxc4 cxd4 19. Nxd4 ({Die
Fortsetzung} 19. Bxd4 Qa5 20. Nb4 Qxa3 21. Nxa6 Rc8 {ist auch nicht
gewinnträchtig für Weiß.}) 19... Ne5 20. Bb3 Be4 {mit etwa gleichem Spiel.})
18. c5 $18 Qb3 19. Nxd4 Qxa2 20. Ra1 Qxb2 21. Rxb2 Nxc5 22. Rc1 Nfd7 23. Rxb7
Nxb7 24. Bxa6 Nbc5 25. Bb5 e5 26. Nc6 Ra8 27. Qa2 d4 28. Bc4 Ne6 29. a4 dxe3
30. fxe3 Bh6 31. Rc3 Ndc5 32. a5 e4 33. Bd5 Ra6 34. Kf1 Bf8 35. Nb4 Rd6 36.
Rxc5 Rxd5 37. Nxd5 Bxc5 38. Nf6+ Kf8 39. Nxe8 1-0

[Event "FRA-ch"]
[Site "Narbonne"]
[Date "1997.08.19"]
[Round "5"]
[White "Hauchard, Arnaud"]
[Black "Bricard, Emmanuel"]
[Result "1-0"]
[WhiteElo "2485"]
[BlackElo "2350"]
[Annotator "Huebner,R"]
[PlyCount "85"]
[EventDate "1997.08.15"]
[EventType "tourn"]
[EventRounds "15"]
[EventCountry "FRA"]
[EventCategory "9"]
[SourceTitle "CBM 061"]
[Source "ChessBase"]
[SourceDate "1997.11.23"]
[SourceVersion "1"]
[SourceVersionDate "1997.11.23"]
[SourceQuality "1"]

1. d4 d5 2. c4 c6 3. Nc3 dxc4 4. e4 b5 5. a4 b4 6. Na2 Nf6 7. e5 (7. f3 e5 8.
Bxc4 Qxd4 9. Qc2 Bc5 10. Bg5 Ba6 11. Bb3 Be7 12. Ne2 Qb6 13. Ng3 h6 14. Bd2 g6
15. Rc1 Nfd7 16. Nf1 Nc5 17. a5 Qb7 18. Nxb4 Nxb3 19. Qxb3 c5 20. Qd5 cxb4 21.
Qxe5 f6 {0-1 Lautier,J-Sokolov,I/Groningen 1995/CBM 51}) 7... Nd5 8. Bxc4 a5 (
8... e6 9. Nf3 (9. Ne2 Bb7 10. O-O c5 11. Bd2 Nd7 12. a5 Rc8 13. a6 Ba8 14. Rc1
Be7 15. dxc5 O-O 16. Nxb4 Nxe5 17. Bxd5 exd5 18. Bc3 Ng6 19. Bd4 Qa5 20. Nd3
Qxa6 21. Ra1 Qb7 22. Qa4 Rfe8 23. Ng3 Bf8 24. b4 f5 25. Qxa7 Qb5 26. Rfd1 f4
27. Nf5 Qc6 28. Ra6 Qb5 29. h4 Re4 30. Nd6 {1-0 Jussupow,A-Vera,R/Anibal op4th
1997/CBM 58/[Huebner,R]}) 9... Be7 10. O-O a5 (10... O-O 11. Qc2 a5 12. Rd1 Bb7
13. Qe4 Nd7 14. Qg4 Re8 15. Bh6 g6 16. Nc1 c5 17. Nb3 Rc8 18. Rac1 Qb6 19. Bb5
Bc6 20. dxc5 Nxc5 21. Nbd4 Bxb5 22. axb5 Na4 23. Nc6 Bc5 24. Rxd5 exd5 25. Ne7+
{Shaked,T-Podkriznik,G/WchJM U20 1997/EXP 59/1-0 (44)}) 11. Qc2 Nb6 12. Bb3 h6
13. Be3 Ba6 14. Rfd1 Nd5 15. Nc1 Qb6 16. Nd3 Nd7 17. Rac1 Rc8 18. Nc5 Nxc5 19.
dxc5 Qb8 20. Bd4 Nf4 21. Rd2 Bg5 22. Be3 Rd8 23. Bxf4 Bxf4 24. Rxd8+ Qxd8 25.
Rd1 Qc7 26. Bxe6 O-O 27. Rd7 Qc8 28. Bh3 Qe8 29. Ra7 Bc8 30. Ra8 Bf5 31. Qxf5
Bxh2+ 32. Kxh2 Qxa8 33. e6 Qb8+ 34. Qe5 Qa8 35. Nd4 fxe6 36. Bxe6+ Kh7 37. f3
Re8 38. Bf5+ Kg8 39. Ne6 {1-0 Watson,J-Milov,L/Berliner Sommer 1997/EXP 59}) 9.
Nf3 e6 10. Bg5 Qb6 11. O-O h6 12. Be3 Ba6 13. Nd2 Bxc4 14. Nxc4 Qa6 15. Qc2 Nd7
16. Nc1 N7b6 17. Nxb6 Qxb6 18. Nb3 Be7 19. Rac1 Rc8 20. Qe4 Kd7 $2 {Dies ist
eine strategisch anfechtbare Entscheidung; die Stellung ist ja keineswegs
gänzlich geschlossen. Auf jeden Fall wird Schwarz auf Grund der unsicheren
Stellung seines Königs gezwungen sein, passiv zu verharren; es wird kaum
jemals tunlich sein, c6-c5 zu spielen, wenn der Springer von b3 auf Reisen
geht (Sb3-d2-c4, zum Beispiel), noch f7-f5 zu spielen. Meines Erachtens war es
besser,} (20... O-O {zu ziehen mit dem Ziel, so bald wie möglich f7-f5
durchzusetzen. Schwarz hat dann meiner Meinung nach nichts zu befürchten.}) 21.
Qg4 Rhg8 22. Qf3 Rgf8 23. Qg4 Rg8 24. Qf3 Rgf8 25. Rc4 Kc7 $2 ({Die Fortsetzung
} 25... f5 26. exf6 Rxf6 27. Qg3 {sieht nicht besonders gesund für Schwarz aus,
bot aber noch bessere Aussichten auf Widerstand als der Textzug.}) 26. Rfc1 Kb7
27. Qg4 Rg8 28. Qf3 Rgf8 (28... f5 29. exf6 gxf6 30. Qe4 {ist ungünstig für
Schwarz.}) 29. Qe4 Rfe8 30. Qc2 Ka7 {Es gibt keine befriedigende Verteidigung
gegen die Drohung 31.Tc6:.} (30... Nxe3 31. fxe3 {führt zu einer strategischen
Verluststellung für Schwarz.}) 31. Rxc6 Rxc6 32. Qxc6 Qxc6 33. Rxc6 Bd8 34. Kf1
Kb7 35. Rc2 Kb6 36. Ke2 f6 37. exf6 Bxf6 38. Rc5 Rd8 39. Rb5+ Kc7 40. Rxa5 e5
41. Rc5+ Kd6 42. Na5 Ke6 43. Nc6 1-0

[Event "Linares Anibal op 04th"]
[Site "Linares"]
[Date "1997.??.??"]
[Round "8"]
[White "Jussupow, Artur"]
[Black "Vera Gonzalez Quevedo, Reynaldo"]
[Result "1-0"]
[WhiteElo "2665"]
[BlackElo "2510"]
[Annotator "Huebner,R"]
[PlyCount "59"]
[EventDate "1997.02.??"]
[EventType "swiss"]
[EventRounds "10"]
[EventCountry "ESP"]
[SourceTitle "CBM 058"]
[Source "ChessBase"]
[SourceDate "1997.06.01"]
[SourceVersion "1"]
[SourceVersionDate "1997.06.01"]
[SourceQuality "1"]

1. d4 d5 2. c4 c6 3. Nc3 dxc4 4. e4 b5 5. a4 b4 6. Na2 Nf6 7. e5 ({Sehr
befriedigend für Weiß ist auch die Fortsetzung} 7. f3 e5 8. dxe5 Qxd1+ 9. Kxd1
Nfd7 10. e6 fxe6 11. Bxc4 $16 {Hjartarson-Gulko, Reykjavik op 1996.}) 7... Nd5
8. Bxc4 e6 9. Ne2 Bb7 (9... a5 10. O-O Ba6 11. b3 Nd7 {war vielleicht auch
geeignet, Ausgleich zu erzielen.}) 10. O-O c5 11. Bd2 Nd7 (11... a5 12. Nac1
Nd7 13. Nb3 Be7 14. Bb5 {ist unbequem für Schwarz.}) 12. a5 Rc8 13. a6 Ba8 14.
Rc1 Be7 15. dxc5 O-O $6 ({Zum Ausgleich führte meines Erachtens} 15... Nxe5 16.
Bb5+ (16. Nxb4 Nxc4 17. Rxc4 Rxc5 $11) 16... Bc6 17. Bxc6+ Nxc6 18. Qa4 O-O $11
{oder}) (15... Rxc5 16. Nxb4 N5b6 $11) 16. Nxb4 Nxe5 $2 (16... Nxb4 17. Bxb4
Nxe5 {dürfte dem Schwarzen immer noch ein vollkommen befriedigendes Spiel
geben.}) 17. Bxd5 $16 {Jetzt hat Weiß erklecklichen Vorteil.} exd5 (17... Bxd5
18. Nxd5 Qxd5 19. b4 $16) 18. Bc3 Ng6 (18... Bxc5 19. Bxe5 Bxb4 20. Bxg7 Kxg7
21. Qd4+ (21. Rxc8 Qxc8 22. Qd4+ Kg8 23. Qxb4 Qxa6 {ist wohl etwas weniger
günstig, obwohl die Stellung des Weißen mir auch hier gewonnen zu sein scheint.
}) 21... Qf6 22. Qxb4 Qxa6 23. Ng3 $18) 19. Bd4 Qa5 20. Nd3 Qxa6 21. Ra1 Qb7
22. Qa4 Rfe8 23. Ng3 Bf8 $2 ({Einzig} 23... Nf8 {bot Möglichkeiten zu
Widerstand:} 24. b4 Ne6 25. Bb2 d4 26. f3 Bg5 {und Schwarz hat etwas
Gegenspiel.}) 24. b4 $18 f5 25. Qxa7 Qb5 26. Rfd1 f4 27. Nf5 Qc6 28. Ra6 Qb5
29. h4 Re4 30. Nd6 1-0